00169nam a2200073Ia 4500008004100000020002000041082001000061245002400071210430s9999 xx 000 0 und d a949-949-949-949 a662.2 aExternal Ballistics